| 000 | 00917nac a22002411u 4500 | ||
|---|---|---|---|
| 010 | _a 2004058706 | ||
| 020 | _a0131487361 (alk. paper) | ||
| 022 | _a0131968718 | ||
| 035 | _a(OCoLC)ocm56535182 | ||
| 082 | 0 | 0 |
_a658 _bR632 |
| 090 |
_c4161 _d4161 |
||
| 100 | _aRobbins, Stephen P., | ||
| 245 | 1 | 0 |
_aFundamentals of management : _bessential concepts and applications / _cStephen P. Robbins, David A. DeCenzo. |
| 250 |
_a5th ed. _bIntarnational ed. |
||
| 260 |
_aUpper Saddle River, N.J. : _bPearson Prentice Hall, _cc2005. |
||
| 300 |
_axxvii, 547 p. : _bill. (chiefly col.) ; _c28 cm. |
||
| 500 | _aIntarnational Edition. | ||
| 504 | _aIncludes bibliographical references (p. 485-510) and indexes. | ||
| 650 | 0 | _aManagement. | |
| 700 | 1 | _aDeCenzo, David A. | |
| 942 |
_cBB _k658R632 |
||
| 999 |
_c4161 _d4161 |
||